00553nam a22001817a 4500010000900000020002600009037000900035082001100044100002100055245008900076250001200165260004900177270004500226300002400271500002800295700002900323700001900352 aENG- a9780070597884c295.00 bGift14a658.151 aRoss, Stephen A.1 acorpoprate finance /cby Stephen A.Ross, Randolph W. Westerfield [and] jeffery jaffe a12th ed aNew DelhibTata McGraw-Hill Publishingc2012 a7, West Patel Nagar,bNew Delhie110 008 a942 p.c24 cm (Pbk) aIncludes Subject index1 aWesterfield, Randolph W.1 aJaffe, Jeffrey